England County Quiz - Buckinghamshire - Statistics

General Stats
  • This quiz has been taken 250 times
  • The average score is 9 of 15
Answer Stats
Hint Answer % Correct
Children's author, responsible for the BFG, who lived in Great Missenden Roald Dahl
90%
Major river which forms a large part of the county's southern border with Berkshire Thames
82%
New town, created since the 1960s, and once well known for its concrete cows Milton Keynes
73%
Official country residence of the UK Prime Minister Chequers
72%
County town Aylesbury
67%
Top secret WW2 code-breaking site where Alan Turing and others did their work Bletchley Park
66%
A major part of this Area of Outstanding Natural Beauty is located in the county Chiltern Hills
57%
The origins of this international sporting event began at Stoke Mandeville in 1948 Paralympic Games
57%
London Underground 'tube' line which extends into Buckinghamshire Metropolitan
53%
Marlow born rower who won gold medals at five consecutive Olympic Games Steve Redgrave
51%
19th century Prime Minister who served two terms in office. His country house was at Hughendon Manor near High Wycombe Benjamin Disraeli
48%
Type of domesticated white bird named after the above town Duck
45%
Prominent Quaker, buried in Chalfont St Giles, who has a US State named after him William Penn
44%
Important canal which cuts through the county on its route from London to Birmingham Grand Union
41%
Large, Neo-Renaissance style country house, now owned by the National Trust, but built for the Rothschild family Waddesdon Manor
21%
No matching quizzes found
Score Distribution
Percent of People with Each Score
Percentile by Number Answered
Your Score History
You have not taken this quiz